<?xml version="1.0" encoding="UTF-8"?>
<record
    xmlns:xsi="http://www.w3.org/2001/XMLSchema-instance"
    xsi:schemaLocation="http://www.loc.gov/MARC21/slim http://www.loc.gov/standards/marcxml/schema/MARC21slim.xsd"
    xmlns="http://www.loc.gov/MARC21/slim">

  <leader>04104cam a22004218i 4500</leader>
  <datafield tag="999" ind1=" " ind2=" ">
    <subfield code="c">487</subfield>
    <subfield code="d">487</subfield>
  </datafield>
  <controlfield tag="001">21740941</controlfield>
  <controlfield tag="005">20251027105645.0</controlfield>
  <controlfield tag="008">201001t20212021nyu      b    001 0 eng  </controlfield>
  <datafield tag="010" ind1=" " ind2=" ">
    <subfield code="a">  2020032390</subfield>
  </datafield>
  <datafield tag="020" ind1=" " ind2=" ">
    <subfield code="a">9780367374402</subfield>
    <subfield code="q">(Hardback)</subfield>
  </datafield>
  <datafield tag="020" ind1=" " ind2=" ">
    <subfield code="a">9780367404574</subfield>
    <subfield code="q">(Paperback)</subfield>
  </datafield>
  <datafield tag="020" ind1=" " ind2=" ">
    <subfield code="z">9780429356247</subfield>
    <subfield code="q">(eBook)</subfield>
  </datafield>
  <datafield tag="040" ind1=" " ind2=" ">
    <subfield code="a">DLC</subfield>
    <subfield code="b">eng</subfield>
    <subfield code="c">DLC</subfield>
    <subfield code="e">rda</subfield>
    <subfield code="d">DLC</subfield>
  </datafield>
  <datafield tag="042" ind1=" " ind2=" ">
    <subfield code="a">pcc</subfield>
  </datafield>
  <datafield tag="050" ind1="0" ind2="0">
    <subfield code="a">LB2831.9</subfield>
    <subfield code="b">.E96 2021</subfield>
  </datafield>
  <datafield tag="082" ind1="0" ind2="0">
    <subfield code="a">Grad 371.2</subfield>
    <subfield code="b">E967 2021</subfield>
  </datafield>
  <datafield tag="245" ind1="0" ind2="0">
    <subfield code="a">Exploring principal development and teacher outcomes :</subfield>
    <subfield code="b">how principals can strengthen instruction, teacher retention, and student achievement /</subfield>
    <subfield code="c">edited by Peter Youngs, Jihyun Kim, and Madeline Mavrogordato.</subfield>
  </datafield>
  <datafield tag="263" ind1=" " ind2=" ">
    <subfield code="a">2101</subfield>
  </datafield>
  <datafield tag="264" ind1=" " ind2="1">
    <subfield code="a">New York :</subfield>
    <subfield code="b">Routledge,</subfield>
    <subfield code="c">2021.</subfield>
  </datafield>
  <datafield tag="264" ind1=" " ind2="4">
    <subfield code="c">&#xA9; 2021.</subfield>
  </datafield>
  <datafield tag="300" ind1=" " ind2=" ">
    <subfield code="a">xxii, 236 pages :</subfield>
    <subfield code="b">illustrations</subfield>
  </datafield>
  <datafield tag="336" ind1=" " ind2=" ">
    <subfield code="a">text</subfield>
    <subfield code="b">txt</subfield>
    <subfield code="2">rdacontent</subfield>
  </datafield>
  <datafield tag="337" ind1=" " ind2=" ">
    <subfield code="a">unmediated</subfield>
    <subfield code="b">n</subfield>
    <subfield code="2">rdamedia</subfield>
  </datafield>
  <datafield tag="338" ind1=" " ind2=" ">
    <subfield code="a">volume</subfield>
    <subfield code="b">nc</subfield>
    <subfield code="2">rdacarrier</subfield>
  </datafield>
  <datafield tag="504" ind1=" " ind2=" ">
    <subfield code="a">Includes bibliographical references and index.</subfield>
  </datafield>
  <datafield tag="505" ind1="0" ind2=" ">
    <subfield code="a">Introduction -- Section 1. Principal Development and Evaluation. Growing your own leadership pipeline: The case of an urban school leadership residency -- Preparing educational leaders for adaptive leadership -- Changing principal supervision to develop principals' instructional leadership capacity -- Appraising principal evaluation and development: Current research and future directions -- Section 2. Principal Leadership Practices. Examining the time principals dedicate to interacting with teachers and other educational stakeholders -- Equity endeavors through the justice for bias framework: Principals addressing implicit bias in schools -- Using social network analysis to support improvement science approaches in education -- Section 3. Principal Leadership Practices and Teacher and Student Outcomes. Principal leadership and beginning elementary teachers' self-efficacy and valuing of ambitious instructional practices -- Improving instruction for students with disabilities: A call for effective principal leadership -- Principal leadership activities and teachers' workplace attitudes -- How principal leadership and teacher burnout are associated with early  career teacher mobility: Insights from the beginning teacher longitudinal survey -- Principal leadership practices, organizational improvement, and student achievement -- Section 4. Next Steps for Leadership Practice and Research. How states use ESSA to support principal preparation, development, and quality -- Exploring principal development and teacher outcomes: Lessons learned and guidelines for practice.</subfield>
  </datafield>
  <datafield tag="520" ind1=" " ind2=" ">
    <subfield code="a">"This edited volume examines innovative ways of preparing, supervising, and evaluating principals and explores factors that promote effective leadership practices. Chapter authors consider how principals' leadership practices affect teachers' instruction, satisfaction, commitment, retention, and effectiveness, and present evidence that principals can influence key student outcomes as well. Covering topics such as school leaders' use of time, their efforts to reduce implicit bias, how leadership practices are associated with teachers' workplace attitudes, leadership and student achievement, and how school leaders can best be supported under new federal legislation, this volume is a "must read" for educational leadership and policy faculty, school and district administrators, and researchers committed to promoting effective principal leadership"--</subfield>
    <subfield code="c">Provided by publisher.</subfield>
  </datafield>
  <datafield tag="650" ind1=" " ind2="0">
    <subfield code="a">School principals</subfield>
    <subfield code="x">In-service training.</subfield>
  </datafield>
  <datafield tag="650" ind1=" " ind2="0">
    <subfield code="a">Educational leadership.</subfield>
  </datafield>
  <datafield tag="650" ind1=" " ind2="0">
    <subfield code="a">Teacher-principal relationships.</subfield>
  </datafield>
  <datafield tag="700" ind1="1" ind2=" ">
    <subfield code="a">Youngs, Peter,</subfield>
    <subfield code="e">editor.</subfield>
  </datafield>
  <datafield tag="700" ind1="1" ind2=" ">
    <subfield code="a">Kim, Jihyun</subfield>
    <subfield code="c">(College teacher in education),</subfield>
    <subfield code="e">editor.</subfield>
  </datafield>
  <datafield tag="700" ind1="1" ind2=" ">
    <subfield code="a">Mavrogordato, Madeline Emily Clark,</subfield>
    <subfield code="e">editor.</subfield>
  </datafield>
  <datafield tag="776" ind1="0" ind2="8">
    <subfield code="i">Online version:</subfield>
    <subfield code="t">Exploring principal development and teacher outcomes</subfield>
    <subfield code="b">First Edition.</subfield>
    <subfield code="d">New York : Routledge, 2021.</subfield>
    <subfield code="z">9780429356247</subfield>
    <subfield code="w">(DLC) 2020032391</subfield>
  </datafield>
  <datafield tag="906" ind1=" " ind2=" ">
    <subfield code="a">7</subfield>
    <subfield code="b">cbc</subfield>
    <subfield code="c">orignew</subfield>
    <subfield code="d">1</subfield>
    <subfield code="e">ecip</subfield>
    <subfield code="f">20</subfield>
    <subfield code="g">y-gencatlg</subfield>
  </datafield>
  <datafield tag="942" ind1=" " ind2=" ">
    <subfield code="2">ddc</subfield>
    <subfield code="c">CIR</subfield>
  </datafield>
  <datafield tag="952" ind1=" " ind2=" ">
    <subfield code="0">0</subfield>
    <subfield code="1">0</subfield>
    <subfield code="2">ddc</subfield>
    <subfield code="4">0</subfield>
    <subfield code="7">0</subfield>
    <subfield code="8">NFIC</subfield>
    <subfield code="a">GL</subfield>
    <subfield code="b">GL</subfield>
    <subfield code="c">CIR</subfield>
    <subfield code="d">2023-07-18</subfield>
    <subfield code="e">Purchase  (Belview)</subfield>
    <subfield code="g">4575.00</subfield>
    <subfield code="h">10331</subfield>
    <subfield code="l">0</subfield>
    <subfield code="o">Grad 371.2 E967 2021</subfield>
    <subfield code="p">10331</subfield>
    <subfield code="r">2023-07-18</subfield>
    <subfield code="w">2023-07-18</subfield>
    <subfield code="y">CIR</subfield>
  </datafield>
</record>
